000 00482nam a2200181 a 4500
001 1770285653301
003 YourLibrary
005 20260205153744.0
008 260205s2006##################000#0#eng##
020 _a9780324379464
082 0 4 _a333.3302373HAM
100 1 _aHamilton, Dan,
_eauthor.
245 1 0 _aReal Estate Brokerage :
260 _bThomson South-Western,
_c2006.
650 0 _aReal estate agents.
942 _cENGLISH
040 _aYourLibrary
_beng
_cYourLibrary
999 _c610514
_d610514